Game Theory (Record no. 33086)

MARC details
000 -LEADER
fixed length control field 00477nam a22001817a 4500
005 - DATE AND TIME OF LATEST TRANSACTION
control field 20230720103838.0
008 - FIXED-LENGTH DATA ELEMENTS--GENERAL INFORMATION
fixed length control field 230720b |||||||| |||| 00| 0 eng d
020 ## - INTERNATIONAL STANDARD BOOK NUMBER
ISBN 9780324175721
082 ## - DEWEY DECIMAL CLASSIFICATION NUMBER
Classification number 519.3
Item number MCC-G
100 ## - MAIN ENTRY--AUTHOR
Author Name McCain,Roger A.
245 ## - TITLE STATEMENT
Title Game Theory
Remainder of title A Non-TechnicalIintroduction to the a=Analysis of Strategy
260 ## - PUBLICATION, DISTRIBUTION, ETC.
Place of Publication USA
Name of publisher, distributor, etc. Thomson
Date of publication, distribution, etc. 2004
300 ## - PHYSICAL DESCRIPTION
Pages 390
500 ## - GENERAL NOTE
General note include index
650 ## - SUBJECT ADDED ENTRY--TOPICAL TERM
Subject / Department Compouter
700 ## - ADDED ENTRY--PERSONAL NAME
Personal name Roger A.McCain
952 ## - LOCATION AND ITEM INFORMATION (KOHA)
-- 0
-- 0
Holdings
Lost status Damaged status Permanent Location Current Location Shelving Location Date acquired Full Call Number Accession No./Barcode Date last seen item type
    Superior Information Resource Center (SIRC) Superior University- Main Campus Superior Information Resource Center (SIRC) Superior University- Main Campus Engineering 07/20/2023 519.3 MCC-G 2004 20223 07/20/2023 BOOK

Powered by Koha